[Event "Minsk Kupreichik Memorial op"]
[Site "Minsk"]
[Date "2023.04.23"]
[Round "4"]
[White "Borischik, Sergey"]
[Black "Sirata, Aleh"]
[Result "1-0"]
[WhiteElo "1966"]
[BlackElo "1520"]
[PlyCount "77"]
[EventDate "2023.04.21"]
[EventType "swiss"]
[EventRounds "7"]
[EventCountry "BLR"]
[SourceTitle "CBM 214 Extra"]
[Source "ChessBase"]
[SourceDate "2023.07.31"]
[SourceVersion "1"]
[SourceVersionDate "2023.07.31"]
[SourceQuality "1"]

1. Nf3 d5 2. g3 Nf6 3. Bg2 g6 4. c4 c6 5. d4 Bg7 6. Nc3 0-0 7. 0-0 e6 8. Nd2 Nbd7 9. b3 a6 10. e4 dxe4 11. Ndxe4 c5 12. Be3 cxd4 13. Bxd4 Qc7 14. Nxf6+ Nxf6 15. Qf3 e5 16. Be3 Rb8 17. Ba7 Ra8 18. Qe3 Ng4 19. Qc5 Qxc5 20. Bxc5 e4 21. Nxe4 Rd8 22. Rad1 Be6 23. Nd6 Rab8 24. Nxb7 Rxd1 25. Rxd1 Nf6 26. Na5 Bg4 27. f3 Bf5 28. Nc6 Re8 29. Ne7+ Kh8 30. Nxf5 gxf5 31. Kf2 f4 32. gxf4 Nh5 33. Bd6 Rd8 34. c5 Nxf4 35. c6 Nxg2 36. Kxg2 Rc8 37. c7 Bf6 38. b4 Bc3 39. Be5+ 1-0